Представление документа в формате MARC21

Поле Инд. ПП Название Значение
Тип записи a
Библиографический уровень b
001 Контрольный номер RU/IS/BASE/164206345
005 Дата корректировки 20220429110604.3
008 Кодируемые данные 20050315
084 a Индекс другой классификации/Индекс ББК 88.94; 88.323.1; 88.54; 60.991.5
100 1_ a Автор Цветкова Н. А.
q Полное имя Цветкова Надежда Александровна
245 10 a Заглавие Групповая психосоциальная работа с женщинами
500 a Примечание Начало. Продолжение в №№ 2, 3 за 2005
504 a Библиография Лит. в конце статьи
520 0_ a Аннотация Некоторые из выделенных разделов: Женская группа как условие получения и оказания психосоциальной помощи. Актуальность групповой работы с женщинами. Цель женской психотерапевтической группы. Житейские проблемы женщин, решаемые в условиях группы.
650 04 a Основная рубрика практическая психология (прикладная психология)
a Основная рубрика психотерапия
a Основная рубрика психология
a Основная рубрика психология групп
a Основная рубрика психология личности
a Основная рубрика гендерная психология
a Основная рубрика социальная психология
a Основная рубрика социальная работа
653 0_ a Ключевые слова групповая психотерапия
a Ключевые слова групповое консультирование
a Ключевые слова женщины
a Ключевые слова когнитивный подход
a Ключевые слова коррекционно-реабилитационная работа
a Ключевые слова общение
a Ключевые слова поведение
a Ключевые слова психосоциальная адаптация
a Ключевые слова психосоциальная работа
a Ключевые слова психосоциальные технологии
a Ключевые слова психотерапия
a Ключевые слова реабилитационные центры
a Ключевые слова самопознание
a Ключевые слова социальная поддержка
a Ключевые слова теория коммуникации
a Ключевые слова теория социального научения
a Ключевые слова тренинги
a Ключевые слова эмоции
773 18 t Заглавие источника Вестник психосоциальной и коррекционно-реабилитационной работы
d Дата издания источника 2005
g Прочая информация № 1. - С. 20 - 48
w Контрольный № источника RU/IS/BASE/163695030
901 t Тип документа b